ბათუმის შოთა რუსთაველის სახელმწიფო უნივერსიტეტის ბიბლიოთეკა

მასალათა გამძლეობა. ნაწ. ll (მოკლე კურსი) : სახელმძღვ. / (ბიბ.ჩანაწერი № 37391)

000 -ლიდერი
ფიქსირებული სიგრძის საკონტროლო ველი 01072nam a2200241Ia 4500
001 - საკონტროლო ნომერი
საკონტროლო ველი 3350
003 - საკონტროლო ნომრის იდენტიფიკატორი
საკონტროლო ველი GE_BSU
005 - ბოლო ოპერაციის თარიღი და დრო
საკონტროლო ველი 20190605172054.0
008 - ფიქსირებული სიგრძის მონაცემთა ელემენტები - ზოგადი ინფორმაცია
ფიქსირებული სიგრძის საკონტროლო ველი 181216s1971||||ge |||||||||||||| ||geo||
040 ## - კატალოგიზაციის წყარო
Transcribing agency GE_BSU
041 ## - ენის კოდი
Language code of text/sound track or separate title geo
080 ## - უნივერსალური ათობითი კლასიფიკაციის ინდექსი
Universal Decimal Classification number 620.1:539.3(075.8) ქ–14
100 ## - მთავარი ჩანაწერი - პიროვნების სახელი
Personal name ქადარია, კ.
9 (RLIN) 2141
245 ## - ცნობა სათაურის შესახებ
Title მასალათა გამძლეობა. ნაწ. ll (მოკლე კურსი) : სახელმძღვ. /
Statement of responsibility, etc კ. ქადარია ; ა. ჭკუასელი ; მ. მუხაძე ; ბ. ჯაფარიძე ; რედ : ი. გოგუაძე.
264 ## - წარმოების, გამოცემის, დისტრიბუციის და სხვა ცნობები
გამოცემის, წარმოების, დისტრიბუციის... ადგილი თბილისი :
გამოცემის, წარმოების, დისტრიბუციის... სახელწოდება განათლება,
გამოცემის, წარმოების, დისტრიბუციის... თარიღი 1971.
300 ## - ფიზიკური აღწერა
Extent 193 გვ .:
Dimensions 20 სმ.
653 ## - INDEX TERM--UNCONTROLLED
Uncontrolled term მასალათა გამძლეობა
700 ## - ADDED ENTRY--PERSONAL NAME
Personal name ჭკუასელი, ა
9 (RLIN) 2142
700 ## - ADDED ENTRY--PERSONAL NAME
Personal name მუხაძე, მ
9 (RLIN) 2143
700 ## - ADDED ENTRY--PERSONAL NAME
Personal name ჯაფარიძე, ბ
9 (RLIN) 2144
700 ## - ADDED ENTRY--PERSONAL NAME
Personal name გოგუაძე, ი
Relator term რედაქტორი
9 (RLIN) 2145
942 ## - ADDED ENTRY ELEMENTS (KOHA)
Koha item type წიგნი
Source of classification or shelving scheme
ეგზემპლარები
ჩამოწერის სტატუსი დაკარგული ეგზემპლარის სტატუსი კლასიფიკაციის წყარო ან თაროზე გაწყობის სქემა დაზიანების სტატუსი არ გაიცემა მუდმივი მდებარეობა (დაცვის ადგილი) ამჟამინდელი ადგილსამყოფელი თაროზე განთავსების ადგილი შეძენის თარიღი ღირებულება, შესყიდვის ნორმალური ფასი სრული შენახვის შიფრი შტრიხკოდი ბოლო ოპერაციის თარიღი ეგზემპლარის მიმდევრობითი ნომერი (კეტერი?) ფასის ძალაში შესვლის თარიღი ეგზემპლარის სახეობა საჯარო შენიშვნა
          ტექნოლოგიური ფაკულტეტის ბიბლიოთეკა ტექნოლოგიური ფაკულტეტის ბიბლიოთეკა წიგნსაცავი 2018-12-17 0.00 620.1:539.3(075.8) ქ–14 10477 2018-12-17 10477 2018-12-17 წიგნი 0.86 თ.